Academica Science Journal, Geographica Series

में बचाया:
ग्रंथसूची विवरण
स्वरूप: इलेक्ट्रोनिक सामयिक पत्रिका
प्रकाशित: [S.l.] : [s.n.]
विषय:
ऑनलाइन पहुंच:Full text available from Earth, Atmospheric & Aquatic Science Database: 01/01/2012 to 01/31/2016
Full text available from East Europe, Central Europe Database: 01/01/2012 to 01/31/2016
टैग: टैग जोड़ें
कोई टैग नहीं, इस रिकॉर्ड को टैग करने वाले पहले व्यक्ति बनें!

MARC

LEADER 00000das a22000003u 4500
001 ssib017621659
003 WaSeSS
005 20240417042145.0
006 m d
007 cr n
008 210421uuuuuuuuu||||| |ss|||||| ||||||d
022 |y 2285-8075 
035 |a (WaSeSS)ssib017621659 
040 |a WaSeSS  |c WaSeSS  |d WaSeSS 
245 0 0 |a Academica Science Journal, Geographica Series  |h [electronic resource]. 
260 |a [S.l.] :  |b [s.n.] 
500 |a Title from content provider. 
506 |a License restrictions may limit access. 
655 0 |a Electronic journals. 
856 4 0 |z Full text available from Earth, Atmospheric & Aquatic Science Database: 01/01/2012 to 01/31/2016  |u https://wwwproquest.unach.elogim.com/intermediateredirectforezproxy 
856 4 0 |z Full text available from East Europe, Central Europe Database: 01/01/2012 to 01/31/2016  |u https://wwwproquest.unach.elogim.com/intermediateredirectforezproxy